[Event "Belgrade Gligoric 100 Ann op"]
[Site "Belgrade"]
[Date "2023.02.05"]
[Round "11"]
[White "Velikic, Adela"]
[Black "Popovic, Milan S"]
[Result "0-1"]
[WhiteElo "2329"]
[BlackElo "2393"]
[PlyCount "58"]
[EventDate "2023.02.05"]
[EventType "swiss (blitz)"]
[EventRounds "11"]
[EventCountry "SRB"]
[SourceTitle "EXT 2024"]
[Source "ChessBase"]
[SourceDate "2023.10.10"]
[SourceVersion "1"]
[SourceVersionDate "2023.10.10"]
[SourceQuality "1"]

1. c4 g6 2. Nc3 Bg7 3. d4 Nf6 4. e4 0-0 5. h3 c6 6. Be3 d5 7. e5 Ne4 8. Nxe4 dxe4 9. Ne2 c5 10. dxc5 Qc7 11. Nc3 Qxe5 12. Qc2 f5 13. g3 Nc6 14. Rd1 Qf6 15. Be2 e5 16. Nd5 Qf7 17. Bc1 Nd4 18. Qd2 Be6 19. b3 Rad8 20. 0-0 Kh8 21. Bb2 Bxd5 22. cxd5 Qxd5 23. Bxd4 exd4 24. Bc4 Qxc5 25. h4 b5 26. Be2 d3 27. Rc1 Qd6 28. Bd1 f4 29. Kh2 fxg3+ 0-1

[Event "SRB-chT (Women)"]
[Site "Custica"]
[Date "2022.11.01"]
[Round "11.5"]
[White "Cosman, Andreea Marioara"]
[Black "Velikic, Adela"]
[Result "0-1"]
[WhiteElo "2186"]
[BlackElo "2272"]
[PlyCount "112"]
[EventDate "2022.10.22"]
[EventType "team-tourn"]
[EventRounds "11"]
[EventCountry "SRB"]
[SourceTitle "EXT 2024"]
[Source "ChessBase"]
[SourceDate "2023.10.10"]
[SourceVersion "1"]
[SourceVersionDate "2023.10.10"]
[SourceQuality "1"]
[WhiteTeam "Belgrade Partizan (W)"]
[BlackTeam "Nis Osnovac (W)"]
[WhiteTeamCountry "SRB"]
[BlackTeamCountry "SRB"]

1. d4 d5 2. c4 e6 3. Nc3 c6 4. cxd5 exd5 5. Bf4 Nf6 6. e3 Bf5 7. Bd3 Bxd3 8. Qxd3 Nh5 9. Be5 Nd7 10. Nge2 Nxe5 11. dxe5 Qg5 12. f4 Qxg2 13. 0-0-0 Qh3 14. Qd4 Be7 15. Rd3 Qf5 16. Rdd1 0-0 17. Ng3 Nxg3 18. hxg3 f6 19. e4 fxe5 20. fxe5 dxe4 21. Qc4+ Kh8 22. Nxe4 Rad8 23. Rde1 b5 24. Qc2 Rd4 25. g4 Qg6 26. Kb1 Rc4 27. Nc3 Qxc2+ 28. Kxc2 b4 29. Kd3 Rxg4 30. Ne4 Rd8+ 31. Ke3 Rd5 32. Kf3 Rg6 33. Nf2 Kg8 34. Re2 Rg5 35. Kf4 g6 36. Rhe1 Rf5+ 37. Kg3 Rd4 38. Re4 Rxe4 39. Rxe4 Kf7 40. Nd3 Rg5+ 41. Kf3 c5 42. a3 a5 43. axb4 axb4 44. b3 Rf5+ 45. Ke3 h5 46. Rc4 h4 47. Ke4 h3 48. Rc2 Rh5 49. Rf2+ Ke8 50. Rh2 Rh4+ 51. Kf3 g5 52. Nf2 Kd7 53. Kg3 c4 54. bxc4 Rxc4 55. Nd1 Ke6 56. Kxh3 Rh4+ 0-1

[Event "SRB-chT (Women)"]
[Site "Custica"]
[Date "2022.10.27"]
[Round "6.5"]
[White "Velikic, Adela"]
[Black "Petronic, Sanja"]
[Result "1-0"]
[WhiteElo "2272"]
[BlackElo "2165"]
[PlyCount "77"]
[EventDate "2022.10.22"]
[EventType "team-tourn"]
[EventRounds "11"]
[EventCountry "SRB"]
[SourceTitle "EXT 2024"]
[Source "ChessBase"]
[SourceDate "2023.10.10"]
[SourceVersion "1"]
[SourceVersionDate "2023.10.10"]
[SourceQuality "1"]
[WhiteTeam "Nis Osnovac (W)"]
[BlackTeam "Nova Varos Zlatar (W)"]
[WhiteTeamCountry "SRB"]
[BlackTeamCountry "SRB"]

1. d4 Nf6 2. c4 g6 3. Nc3 Bg7 4. e4 d6 5. h3 0-0 6. Be3 e5 7. d5 a5 8. g4 Na6 9. Qd2 Nc5 10. f3 Ne8 11. Nge2 Qh4+ 12. Bf2 Qe7 13. Ng3 f6 14. h4 Rf7 15. 0-0-0 a4 16. Kb1 Bd7 17. Be2 Bf8 18. Rc1 c6 19. h5 Qd8 20. hxg6 hxg6 21. Rh3 Rh7 22. Rxh7 Kxh7 23. Rh1+ Kg8 24. Bd1 Qa5 25. Bxc5 Qxc5 26. Nxa4 Qa7 27. dxc6 bxc6 28. Bb3 Be6 29. Qh2 Qg7 30. Nf5 gxf5 31. gxf5 Kf7 32. fxe6+ Ke7 33. c5 dxc5 34. Nxc5 Rd8 35. Nd7 Nc7 36. Nxf8 Rxf8 37. Qd2 Rd8 38. Qb4+ Ke8 39. Qc5 1-0